header

Financial sector dimensions of the Colombian pension system (Record no. 142555)

MARC details
000 -LEADER
fixed length control field 01376nam a2200361Ia 4500
245 00 - TITLE STATEMENT
Title Financial sector dimensions of the Colombian pension system
260 ## - PUBLICATION, DISTRIBUTION, ETC. (IMPRINT)
Place of publication Washington, D.C. :
Name of publisher World Bank,
Year of publication c2007.
300 ## - PHYSICAL DESCRIPTION
Number of Pages ix, 76 p. :
Other physical details ill.
490 1# - SERIES STATEMENT
Series statement World Bank working paper,
650 #0 - SUBJECT ADDED ENTRY--TOPICAL TERM
Topical Term Pension trusts
Topical Term Pensions
700 1# - ADDED ENTRY--PERSONAL NAME
Personal name Rudolph, Heinz P.
856 40 - ELECTRONIC LOCATION AND ACCESS
Uniform Resource Identifier http://site.ebrary.com/lib/rucke/Doc?id=10180743

No items available.

© 2026 Rongo University
Contact us: librarian | system librarian | Rongo university